Movies Quiz

Random Movies or Marvel Quiz

Howling Commandos (Picture Click) Quiz Stats

 Plays Quiz not verified by Sporcle

Score 0/7 Timer 01:00
0 Plays Today
% Correct
Captain Steve Rogers
96.9%
Sergeant Bucky Barnes
95.4%
Sergeant Dum Dum Dugan
85.1%
Private Gabe Jones
73.8%
Private Jim Morita
71.6%
Major James
Montgomery Falsworth
66.1%
Jacques Dernier
61%

You're not logged in!

Compare scores with friends on all Sporcle quizzes.
OR
Log In

Sporcle TV

Today on Sporcle TV


Watch our educational content, quiz creation guides, and fun videos on Sporcle TV.

Show Comments

Extras

Top Quizzes Today


Score Distribution

Your Account Isn't Verified!

In order to create a playlist on Sporcle, you need to verify the email address you used during registration. Go to your Sporcle Settings to finish the process.

Report this User

Report this user for behavior that violates our Community Guidelines.

Details: